|
|
|
|
| LEADER |
00000cam a22000002i 4500 |
| 001 |
30082 |
| 003 |
CZ-ZlUTB |
| 005 |
20190825235833.0 |
| 007 |
ta |
| 008 |
970306s1979 un 000|0 rus d |
| 020 |
|
|
|a (váz.)
|
| 040 |
|
|
|a GBV
|b ger
|d ZLD002
|
| 041 |
0 |
|
|a rus
|
| 072 |
|
7 |
|a 678
|x Průmysl makromolekulárních látek. Gumárenský průmysl. Průmysl plastů
|2 Konspekt
|9 19
|
| 080 |
|
|
|a 678.664
|2 v
|
| 080 |
|
|
|a 678.01
|2 v
|
| 080 |
|
|
|a 544
|2 v
|
| 080 |
|
|
|a (048.8)
|2 v
|
| 100 |
1 |
|
|a Kerča, Jurij Jur'jevič
|4 aut
|
| 245 |
1 |
0 |
|a Fizičeskaja chimija poliuretanov /
|c Ju. Ju. Kerča
|
| 260 |
|
|
|a Kiev :
|b Naukova Dumka,
|c 1979
|
| 300 |
|
|
|a 220 s :
|b il. ;
|c 23 cm
|
| 504 |
|
|
|a Obsahuje bibliografii
|
| 500 |
|
|
|a Nad názvem: Akademija nauk Ukrainskoj SSR, Institut chimii vysokomolekuljarnych sojedinenij
|
| 650 |
0 |
4 |
|a polyuretany
|x vlastnosti
|
| 650 |
0 |
4 |
|a Fyzikální chemie
|
| 650 |
0 |
7 |
|a fyzika polymerů
|7 ph220675
|2 czenas
|
| 655 |
|
7 |
|a monografie
|7 fd132842
|2 czenas
|
| 710 |
2 |
|
|a Akademìja nauk Ukrajins'koji RSR.
|b Institut Chimii vysokomolekuljarnych sojedinenij
|
| 910 |
|
|
|a ZLD002
|
| 952 |
|
|
|0 0
|1 0
|4 0
|6 678KERČA_JUJU
|7 0
|8 BOOK
|9 72829
|a UTBZL
|b UTBZL
|c 030
|d 2007-03-22
|l 0
|o 678/KERČA, Ju.Ju
|p 420010105910
|r 2019-08-25 00:00:00
|v 33.00
|w 2019-08-25
|x N:převod TOMA | 20100831
|y 05
|
| 992 |
|
|
|a BK
|b SK
|
| 999 |
|
|
|c 30082
|d 30082
|